<?xml version="1.0" encoding="UTF-8"?><?xml-stylesheet type="text/xsl" href="static/style.xsl"?><OAI-PMH xmlns="http://www.openarchives.org/OAI/2.0/" xmlns:xsi="http://www.w3.org/2001/XMLSchema-instance" xsi:schemaLocation="http://www.openarchives.org/OAI/2.0/ http://www.openarchives.org/OAI/2.0/OAI-PMH.xsd"><responseDate>2026-04-14T03:37:52Z</responseDate><request verb="GetRecord" identifier="oai:www.recercat.cat:2072/521547" metadataPrefix="marc">https://recercat.cat/oai/request</request><GetRecord><record><header><identifier>oai:recercat.cat:2072/521547</identifier><datestamp>2024-12-11T19:00:26Z</datestamp><setSpec>com_2072_5164</setSpec><setSpec>com_2072_5163</setSpec><setSpec>col_2072_5169</setSpec></header><metadata><record xmlns="http://www.loc.gov/MARC21/slim" xmlns:dcterms="http://purl.org/dc/terms/" xmlns:xsi="http://www.w3.org/2001/XMLSchema-instance" xmlns:doc="http://www.lyncode.com/xoai" xsi:schemaLocation="http://www.loc.gov/MARC21/slim http://www.loc.gov/standards/marcxml/schema/MARC21slim.xsd">
   <leader>00925njm 22002777a 4500</leader>
   <datafield ind2=" " ind1=" " tag="042">
      <subfield code="a">dc</subfield>
   </datafield>
   <datafield ind2=" " ind1=" " tag="720">
      <subfield code="a">Núñez Yelmo, Marta</subfield>
      <subfield code="e">author</subfield>
   </datafield>
   <datafield ind2=" " ind1=" " tag="260">
      <subfield code="c">2020-07</subfield>
   </datafield>
   <datafield ind2=" " ind1=" " tag="520">
      <subfield code="a">Aquest treball té com a objectiu analitzar l'adaptació de l'estratègia comunicativa d'una marca rellevant del sector alimentari com és McDonald’s, després de veure's irremeiablement sotmesa al paradigma ecològic dels nostres temps. Per això, també s'estudiaran quins han estat els canvis socials que han provocat aquesta situació, a la qual les marques tendeixen a adaptar-se cada vegada més per a mantenir-se en el mercat.</subfield>
   </datafield>
   <datafield ind2=" " ind1=" " tag="520">
      <subfield code="a">Este trabajo tiene como objetivo analizar la adaptación de la estrategia comunicativa de una marca relevante del sector alimentario como es McDonald’s, tras verse irremediablemente sometida al paradigma ecológico de nuestros tiempos. Para ello, también se estudiarán cuáles han sido los cambios sociales que han provocado esta situación, a la que las marcas tienden a adaptarse cada vez más para mantenerse en el mercado.</subfield>
   </datafield>
   <datafield ind2=" " ind1=" " tag="520">
      <subfield code="a">This work aims to analyze the adaptation of the communication strategy of a relevant brand in the food sector such as McDonald’s, after being irretrievably subjected to the ecological paradigm of our times. To do this, they will also study what have been the social changes that have caused this situation, to which brands tend to adapt more and more to stay in the market.</subfield>
   </datafield>
   <datafield ind1="8" ind2=" " tag="024">
      <subfield code="a">http://hdl.handle.net/2072/521547</subfield>
   </datafield>
   <datafield ind2="0" ind1="0" tag="245">
      <subfield code="a">El cambio de estrategia en la comunicación de McDonald’s para adaptarse al paradigma ecológico</subfield>
   </datafield>
</record></metadata></record></GetRecord></OAI-PMH>